| 000 | 01195nam a22002777a 4500 | ||
|---|---|---|---|
| 001 | 8316 | ||
| 003 | FISKH | ||
| 005 | 20250909085008.0 | ||
| 008 | 250909b cb ||||| |||| 00| 0 eng d | ||
| 020 | _a9781407139098 | ||
| 040 |
_aFISKH _beng _cFISKH _dFISKH |
||
| 082 | _a823.9 | ||
| 100 | _aKuenzler, Lou | ||
| 245 |
_aPrincess Pip's perfect party / _cBy Lou Kuenzler |
||
| 250 | _aFirst published in the UK by Scholastic Ltd, 2014 | ||
| 260 |
_aNew York : _bScholastic , _c2014. |
||
| 300 |
_a44 pages : _bcolor illustrations ; _c19 cm . |
||
| 490 | _aLittle Red Robin | ||
| 505 | _aK | ||
| 520 | _aGet ready to read! LITTLE RED ROBINS are ideal for sharing and reading together. Full colour illustrations throughout. Princess Pip longs to go to Princess Academy, just like her big sister Grace. There are no princesses in Cragland - just big hairy warriors. But she's too young to go. When Pip finds out that all she needs to grow is a birthday, she decides to throw the pinkest, princessiest, most perfect party ever. | ||
| 521 | 8 |
_a510
_bLexile estimate |
|
| 521 | 8 |
_aK
_bRaz-Plus |
|
| 700 |
_aCrisp, Dan _eIllustrator |
||
| 942 |
_2ddc _cBK _n0 |
||
| 999 |
_c8316 _d8316 |
||